| 000 | 00700nam a2200229 a 4500 | ||
|---|---|---|---|
| 001 | 55220 | ||
| 003 | BD-RjUL | ||
| 005 | 20221003130830.0 | ||
| 008 | 161115s1951 enk||||| |||| 00| 0 eng d | ||
| 035 | _a(BD-RjUL)55342 | ||
| 040 |
_aBD-RjUL _beng _cBD-RjUL |
||
| 041 | _aeng | ||
| 082 |
_223 _a822.33 _bSHA 1951 |
||
| 100 |
_aShakespeare, William _9164521 |
||
| 245 |
_aThe Arden edition of the works of Willlam Shakespeare : _bLove's labour's lost / _cWilliam Shakespeare; Richard David |
||
| 250 | _a4th ed. | ||
| 260 |
_aLondon : _bMethuen and co, _c1951. |
||
| 300 |
_alii, 196 p. ; _c22 cm. |
||
| 600 |
_aShakespeare, William _d1564-1616 |
||
| 700 |
_aDavid, Richard _95131 |
||
| 942 |
_2ddc _cBK |
||
| 999 |
_c55220 _d55220 |
||